Barriers to European growth (Record no. 658806)

MARC details
000 -LEADER
fixed length control field 00799nam a2200265Ia 4500
003 - CONTROL NUMBER IDENTIFIER
control field OSt
005 - DATE AND TIME OF LATEST TRANSACTION
control field 20220926034132.0
008 - FIXED-LENGTH DATA ELEMENTS--GENERAL INFORMATION
fixed length control field 220923b |||||||| |||| 00| 0 eng d
020 ## - INTERNATIONAL STANDARD BOOK NUMBER
International Standard Book Number 0815777698
037 ## - SOURCE OF ACQUISITION
Terms of availability General Book
040 ## - CATALOGING SOURCE
Original cataloging agency RTL
Transcribing agency RTL
Language of cataloging eng
041 ## - LANGUAGE CODE
Source of code eng
Language code of text/sound track or separate title eng
100 ## - MAIN ENTRY--PERSONAL NAME
Personal name Lawrence Robert Z
9 (RLIN) 340098
245 #0 - TITLE STATEMENT
Title Barriers to European growth
Remainder of title A transatlantic view
260 ## - PUBLICATION, DISTRIBUTION, ETC.
Place of publication, distribution, etc. Washington
Name of publisher, distributor, etc. Brookings Institutions
Date of publication, distribution, etc. 1987
300 ## - PHYSICAL DESCRIPTION
Extent xvii,619p.
Dimensions cm.
500 ## - GENERAL NOTE
General note Bibliography chapterwise
650 ## - SUBJECT ADDED ENTRY--TOPICAL TERM
Topical term or geographic name entry element Economic condition Europe
9 (RLIN) 234055
700 ## - ADDED ENTRY--PERSONAL NAME
Personal name Schultze Charles L
942 ## - ADDED ENTRY ELEMENTS (KOHA)
Classification part X.5.N8, M7
Koha item type General Books
Source of classification or shelving scheme Colon Classification (CC)
Holdings
Withdrawn status Lost status Damaged status Not for loan Home library Current library Date acquired Total Checkouts Full call number Barcode Date last seen Price effective from Koha item type
        Ratan Tata Library Ratan Tata Library 2022-09-26   X.5.N8 M7 RT1004876 2022-09-26 2022-09-26 General Books
Copyright @ Delhi University Library System